Quizzes
Events
Quiz Creation
Community
Videos
Private Events
Remove Ads
Sign In
Join for FREE
Feedback
Dark Mode
Quiz Categories
Sports
Geography
Music
Movies
Television
Just For Fun
Miscellaneous
History
Literature
Language
Science
Gaming
Entertainment
Religion
Holiday
For Kids
Quiz Lab
Recent
Popular Today
Quiz Kudos Today
Editor Picks
Curator Picks
Quizzes by...
Day
Popularity
Type
Ratings
Length
Year
Community
Subscriptions
Recent Discussions
Orange Saloon
Badges
Playlists
Quests
Create
Leaderboards
Showdown
Live 5
Trivia Bingo
Activity
Puzzle Library
Sporcle Events
Private Events
Virtual Trivia
Globe League
Become a Host
Pub Owners
SporcleCon
Opinionation
Our Games
Videos
Blog
Mobile Apps
Partnerships
Remove Ads and Go Orange
Feedback
Just For Fun
Clickable
Get the Picture
Humor
Quick Pick
Word Ladder
Missing Word
Mixed Word
Blitz
Minefield
This or That
Alphabet
Color
Typing
Sporcle
Puzzle
Word Play
Follow That Line
Logic
Just For Fun
Clickable
Get the Picture
Humor
Quick Pick
Word Ladder
Missing Word
Mixed Word
Blitz
Minefield
This or That
Alphabet
Color
Typing
Sporcle
Puzzle
Word Play
Follow That Line
Logic
Random Quiz
Search Sporcle
×
Quiz Lab
Quiz Lab
Just For Fun
group
Type in answers that appear in a list
Type in answers that appear in a list
Classic
Best Score? Go Orange.
Know Your Glee: Faceboard '09-'10 Stats
Can you name the members of the finest singing group at Yale?
By
samsanders12
15m
87 Questions
23 Plays
23 Plays
23 Plays
Comments
Comments
Give Quiz Kudos
Give Quiz Kudos
-
- Ratings
hide this ad
Replay
Link that replays current quiz
Next Quiz
Link to next quiz in quiz playlist
You Got
0%
They Got
Avg Score
3%
Avg Friend Score
Upgrade to see
Score Distribution
Jump to the score distribution portion of the page
Score
0/87
Timer
15:00
0
Plays Today
% Correct
52.2%
Helen McCreary
39.1%
Eli Mitchell-Larson
30.4%
Sam Sanders
26.1%
Boyd Jackson
21.7%
Andy Berry
21.7%
Brandon Levin
17.4%
Rob Williams
17.4%
Lauren Morgan
8.7%
Dylan Morris
8.7%
Brad Travis
8.7%
Jessica Moore
4.3%
Elizabet Vickery
4.3%
Claire Paulson
4.3%
Rachel Wilf
4.3%
Miriam Lauter
4.3%
Andrew Tschirhart
4.3%
David Eisenman
4.3%
Jacob Metrick
4.3%
Ben Robbins
4.3%
Derek Tam
4.3%
Abigail Droge
0%
Rachel Glodo
0%
Laura Kreidberg
0%
Caroline Mezger
0%
Lianna Valdes
0%
Marie Zobel
0%
Tristyn Bloom
0%
Arshia Chatterjee
0%
% Correct
Sarah Evans
0%
Mary Kleshefsky
0%
Casey Klippel
0%
Mari Oyi
0%
Susan Steinman
0%
Anna Swan
0%
Charlotte Thun-Hohenstein
0%
Deena Tumeh
0%
Jenny Witthuhn
0%
Aseel Aburizik
0%
Sarah Dewey
0%
Katie Dryden
0%
Jasmine Dyba
0%
Julia Myers
0%
Ingrid Rochon
0%
Micheline Soley
0%
Phyllis Thangaraj
0%
Rebecca Trupin
0%
Jenny Werner
0%
Virginia Calkins, Social Chair
0%
Kate Carter
0%
Anne Donohue
0%
Emily Howell
0%
Sarah Larsson
0%
Molly Perkins
0%
Neena Satija
0%
Mary Schnoor, Manager
0%
Elaine Sullivan, Social Chair
0%
Cynthia Weaver
0%
% Correct
Brent Barbieri
0%
John Clayton
0%
Peter Clune
0%
Sam Reinhardt
0%
Dan Thompson
0%
Nick Clemm
0%
Edward Delman
0%
John Good
0%
Ryan Harper
0%
Atid Kimelman
0%
Alex Oki
0%
Dan Olson
0%
Jon Barclay
0%
Adam Begley, Assistant Conductor
0%
Adam Fishman
0%
George Gardenier
0%
Arden van Fleet Musaeus Rogow-Bales
0%
Josh Schoenfield
0%
Andre Shomorony
0%
Spencer Cromwell
0%
Justin Jee
0%
Michael Haycock
0%
Noah Kleinberg
0%
Dan Schechner
0%
Jeffrey Star
0%
Peter Thompson
0%
Danny Townsend, President
0%
Jamie van Dyck
0%
Henry Wilkin
0%
Quiz Playlist
Details
Report
Send in Message
Add To Playlist
Classic:
Type in answers that appear in a list
Last Updated: Feb 16, 2017
Quiz Scoreboard
CHALLENGE
Sign Up to Join the Scoreboard
Show All
Scores
Hide
Comments
May contain spoilers
Recently Published
Presidents Visiting Landmarks
by Hejman
History
7m
An Introduction to Baseball
by treessimontrees
Sports
5m
Movies - When Are They Set?
by FPL_Elf
Movies
5m
More to Explore
Quiz From the Vault
Featured Blog Post
Where Did the Easter Bunny Come From?
hide this ad
You Might Also Like...
Tags
2009-2010
finest
Glee
group
Singing
Yale
Today's Top Quizzes in Just For Fun
Browse Just For Fun
hide this ad
Today's Top Quizzes in group
Browse group
Top Contributed Quizzes in Just For Fun
1
Spring Typing Challenge
2
Killer Double Trees 224 - Colour Match-Up
3
Crossword Whiteout! 49
4
Zeroing In: Just For Fun
5
Harry Potter Logic - 'In Chains' II
6
Survivor Winners Logic Puzzle
7
Word Ladder: Ahoy Matey
8
Kyle's 122nd Triple Trees
9
Edinburgh Fringe jokes 2015
10
Word Ladder: Wilderness Weapon
Explore More
Trending Topics
Kpop
Harry Potter
NBA
Disney
Crossword
Anime
Marvel
Pokémon
Soccer
Puzzle
Song
Country
The Office
NFL
WWE
hide this ad
More By:
samsanders12
Quiz
Plays
Rating
Category
Featured
Created
Know Your Glee: Faceboard '09-'10
23
Just For Fun
Oct 20, 2009
Go to Creator's Profile
Score Distribution
Quiz Creator Spotlight
samsanders12
Follow
Send a Message
Quizzes Created
-
Created Quiz Play Count
-
More By This Creator
Popular Quizzes Today
1
Find the US States - No Outlines Minefield
2
Find the Countries of Europe - No Outlines Minefield
3
The Countries of the World
4
Find the US States
5
Popular People in 1961
6
US States
7
Risky Map Clicking: Biggest States A-Z
8
1-10 Letter E Words III
More Just For Fun Quizzes
Mixed Word: Common Bond VIII
Published
Trending Quizzes
Risky Map Clicking: Least Populous States A-Z
1-10 Letter G Words
1-10 Letter F Words
Risky Map Clicking: Next State Alphabetically
Risky Map Clicking: Biggest States A-Z
Recently Updated
Leaping Animals
pecheneg
Reality TV Shows (A-Z)
bhenderson79
Rickey Henderson's Hall of Fame Teammates
pecheneg
Champions League XIs: Arsenal
pecheneg
Quick Pick: Celebrities in WWE's Hall of Fame
aduchscher
A-Z Keypad Blitz II
pecheneg
Multiple Oscar Actors
pecheneg
Mystery Phrase Blitz: Oscar 'Best Actors'
pecheneg
F. Scott Fitzgerald Novels
LTH
Pick 3 Villains
ddd62291
Trending Topics
NBA
Anime
Harry Potter
Kpop
Marvel
Crossword
Disney
Country
The Office
Puzzle
WWE
NFL
Pokémon
Song
Soccer
Your Account Isn't Verified!
In order to create a playlist on Sporcle, you need to verify the email address you used during registration. Go to your
Sporcle Settings
to finish the process.
Report this User
Report this user for behavior that violates our
Community Guidelines
.
Details:
Send Report
Go to the Sporcle.com Mobile Site →
Comments